Word Ladder: Take a Break! Quiz Stats

 Plays Quiz Updated Aug 12, 2019

Score 0/22 Timer 03:00
3 Plays Today
Hint 4-Letter Word % Correct
Meat from a pigPORK
98.8%
HarbourPORT
96.1%
Chimney dustSOOT
95.2%
'All ____ and no [Rung 9] makes [Rung 15] a [Rung 22] boy.'• WORK •
94.7%
Arrange in groupsSORT
94.7%
Prepare for a tripPACK
94.6%
'All [Rung 1] and no ____ makes [Rung 15] a [Rung 22] boy.'• PLAY •
94.1%
Bird's bitePECK
93.6%
Main events of a novelPLOT
93.5%
Summit, topPEAK
93%
Male cowBULL
91.9%
Hint 4-Letter Word % Correct
Good fortuneLUCK
91.5%
Make arrangementsPLAN
91.1%
Narrow openingSLOT
90.9%
A cunning planPLOY
89.3%
'All [Rung 1] and no [Rung 9] makes ____ a [Rung 22] boy.'• JACK •
88.4%
SecureLOCK
88.1%
'All [Rung 1] and no [Rung 9] makes [Rung 15] a ____ boy.'• DULL •
87.8%
Bambi's dadBUCK
86.7%
Enthusiastic athleteJOCK
86.2%
In great quantitiesBULK
85.3%
Black ermine furPEAN
81.1%

Today's Daily Dose

You're not logged in!

Compare scores with friends on all Sporcle quizzes.
OR
Log In

Sporcle TV

Today on Sporcle TV


Watch our educational content, quiz creation guides, and fun videos on Sporcle TV.

Show Comments

Extras

Top Quizzes Today


Score Distribution

Your Account Isn't Verified!

In order to create a playlist on Sporcle, you need to verify the email address you used during registration. Go to your Sporcle Settings to finish the process.

Report this User

Report this user for behavior that violates our Community Guidelines.

Details: